000 00711nam a2200265Ia 4500
003 OSt
005 20221007074234.0
006 a|||||r|||| 00| 0
007 ta
008 221006b |||||||| |||| 00| 0 eng d
020 _a8187398779
024 _a1,726
037 _cTextual
040 _aFLL
_cFLL
_beng
041 _2eng
_aeng
082 _aXM55:Z2qN56, P1.2
100 _aAgarwal Sanjiv
245 0 _aCompanies act 1956
260 _aMumbai
_bSnow White Publications Pvt. Ltd. India
_c2001
490 _vVol. II
650 _aCompany law
700 _a Bindal C. M.
942 _hXM55:Z2qN56, P1.2
_cTEXL
_2CC
999 _c1151646
_d1151646